000 00466nam a2200181Ia 4500
999 _c250
_d250
003 0100
008 130227s9999 xx 000 0 und d
040 _cARRUPELIB
050 _aDT990.A52
100 _aSouth Afrca. Commission for the Socio-Economic Development of the Bantu Areas
_930458
245 _aSummary of the report
260 _bGovernment Printer
_aPretoria
_c1955
300 _axviii
300 _b 213p 64 maps 27cm
650 _aAfrica, South
_xNative races
_925898
942 _2lcc
_cMONOGRAPH